|
|
|
|
| LEADER |
02222nam a2200529 a 4500 |
| 001 |
nkc20122347607 |
| 003 |
CZ PrNK |
| 005 |
20120927125432.0 |
| 007 |
ta |
| 008 |
120314s2011 xr a g 000 m cze |
| 015 |
|
|
|a cnb002347607
|
| 020 |
|
|
|a 978-80-260-2917-5
|q (v knize neuvedeno ;
|q brož.) :
|c neprodejné
|
| 035 |
|
|
|a (OCoLC)815380232
|
| 040 |
|
|
|a OLA001
|b cze
|d ABA001
|
| 043 |
|
|
|a e-xr---
|b e-xr-ol
|2 czenas
|
| 045 |
|
|
|a y1y1
|
| 072 |
|
7 |
|a 82:06
|x Literární organizace, soutěže
|2 Konspekt
|9 11
|
| 080 |
|
|
|a 808.1-053.2
|2 MRF
|
| 080 |
|
|
|a 82:7.092
|2 MRF
|
| 080 |
|
|
|a 72/76.05-053.2
|2 MRF
|
| 080 |
|
|
|a 72/76.092
|2 MRF
|
| 080 |
|
|
|a (437.325)
|2 MRF
|
| 080 |
|
|
|a (082)
|2 MRF
|
| 245 |
0 |
0 |
|a Co se stalo :
|b sborník prací ze soutěže mladých autorů, vyhlášené v rámci festivalu Město čte knihu 2011
|
| 246 |
1 |
|
|i Název v tiráži:
|a Sborník prací z literární a výtvarné soutěže vyhlášené v rámci festivalu Město čte knihu 2011
|
| 260 |
|
|
|a Šumperk :
|b Městská knihovna Šumperk,
|c 2011
|
| 300 |
|
|
|a 27 s. :
|b il. ;
|c 21 cm
|
| 648 |
|
7 |
|a 2011
|7 ch967313
|2 czenas
|
| 648 |
|
7 |
|a 2011-2020
|7 ch460589
|2 czenas
|
| 650 |
0 |
7 |
|a literární práce dětí a mládeže
|7 ph118791
|z Česko
|y 2011-2020
|2 czenas
|
| 650 |
0 |
7 |
|a literární soutěže
|7 ph122397
|z Česko
|y 2011-2020
|2 czenas
|
| 650 |
0 |
7 |
|a výtvarné práce dětí a mládeže
|7 ph119404
|z Česko
|y 2011-2020
|2 czenas
|
| 650 |
0 |
7 |
|a výtvarné soutěže
|7 ph127467
|z Česko
|y 2011-2020
|2 czenas
|
| 650 |
0 |
9 |
|a children's and youth's writings
|z Czechia
|y 2011-2020
|2 eczenas
|
| 650 |
0 |
9 |
|a literary competitions
|z Czechia
|y 2011-2020
|2 eczenas
|
| 650 |
0 |
9 |
|a children's and youth's art
|z Czechia
|y 2011-2020
|2 eczenas
|
| 650 |
0 |
9 |
|a art competitions
|z Czechia
|y 2011-2020
|2 eczenas
|
| 651 |
|
7 |
|a Šumperk (Česko)
|7 ge131566
|2 czenas
|
| 651 |
|
9 |
|a Šumperk (Czechia)
|2 eczenas
|
| 655 |
|
7 |
|a sborníky
|7 fd163935
|2 czenas
|
| 655 |
|
9 |
|a miscellanea
|2 eczenas
|
| 711 |
2 |
|
|a Město čte knihu (festival)
|n (7. :
|d 2011 :
|c Šumperk, Česko)
|7 kn20120907002
|
| 910 |
2 |
|
|a BOA001
|b 2-1286.548
|
| 990 |
|
|
|a BK
|
| 995 |
|
|
|a 01
|
| 991 |
|
|
|b 201209
|e b
|
| 996 |
6 |
|
|b 2610519845
|c 2-1286.548
|l MZK
|r Sklad / do 1 hodiny
|n 1
|p p.v.
|w 001276034
|u 000010
|a 1
|e BOA001
|j MZK50
|s P
|